La casa de Matriona

Gorde:
Xehetasun bibliografikoak
Egile nagusia: Solzhenitsyn, A. I.
Formatua: Liburua
Hizkuntza:Undetermined
Argitaratua: Barcelona, España Ediciones de Bolsillo 1971
Gaiak:
Etiketak: Etiketa erantsi
Etiketarik gabe, Izan zaitez lehena erregistro honi etiketa jartzen!

MARC

LEADER 00000nam a2200000Ia 4500
008 170316s9999 xx 000 0 und d
040 |a cru BVZT 
090 |a 891 S-5c 
100 |a Solzhenitsyn, A. I. 
245 |a La casa de Matriona 
260 |a Barcelona, España 
260 |b Ediciones de Bolsillo 
260 |c 1971 
300 |a 152 páginas 
650 |a LITERATURA RUSA 
999 |c 12098  |d 12098 
942 |c 15 D  |h 891 S-5c  |2 z